000 00789nam a2200289Ia 4500
005 20260324111745.0
008 008 260324s9999 xx 000 0 eng d
020 _a9781003269571
037 _aEBOOK
040 _aCRL
040 _beng
040 _cCRL
041 _2eng
041 _aeng
084 _qCRL
100 _aEster Ragonese; Anne Rees; Jo Ives; Terry Dray; Georgia Marriott-Smith
_91139891
245 4 _aThe Routledge Guide to Working in Criminal Justice
245 0 _bEmployability Skills and Careers in the Criminal Justice Sector
260 _bTaylor and Francis
260 _c2025
365 _a
365 _b230
856 _uhttp://www.taylorfrancis.com/books/9781003269571
942 _cEBOOK
999 _c1728808
_d1728808